[Event "BPB Limburg open C"]
[Site "Maastricht"]
[Date "2014.06.07"]
[Round "2"]
[White "Van Ginneken, Jos"]
[Black "Dardha, Daniel"]
[Result "1-0"]
[WhiteElo "1621"]
[BlackElo "1617"]
[PlyCount "87"]
[EventDate "2014.06.06"]
[EventType "swiss"]
[EventRounds "7"]
[EventCountry "NED"]
[Source "P.Boonen"]
[SourceDate "2014.10.10"]

1. e4 c5 2. d3 e6 3. f4 d6 4. Nf3 g6 5. c3 Bg7 6. Be2 Ne7 7. O-O O-O 8. Qe1 Nd7
9. Na3 Qc7 10. Qh4 Bf6 11. Ng5 Bxg5 12. Qxg5 f6 13. Qh4 a6 14. Nc2 b5 15. Bg4
Nb8 16. Ne3 f5 17. Bf3 fxe4 18. dxe4 Bb7 19. Ng4 Kh8 20. Nf6 Ng8 21. Ng4 Qe7
22. Qxe7 Nxe7 23. Be3 Nbc6 24. e5 dxe5 25. Bxc5 Rf7 26. fxe5 Rd8 27. Bd6 Nf5
28. Be4 Nxd6 29. exd6 Rfd7 30. Bxc6 Bxc6 31. Ne5 Rxd6 32. Nf7+ Kg7 33. Nxd6
Rxd6 34. Rad1 Rd5 35. Rxd5 Bxd5 36. a3 Bc4 37. Rf2 Kg8 38. g3 a5 39. Kg2 a4 40.
Kf3 Kf7 41. Ke4+ Kg7 42. Ke5 h5 43. Rf4 Bd5 44. Rb4 1-0

[Event "BPB Limburg open C"]
[Site "Maastricht"]
[Date "2014.06.07"]
[Round "2"]
[White "Van den Heede, Chris"]
[Black "Van Roon, Sjoerd"]
[Result "0-1"]
[WhiteElo "1266"]
[BlackElo "1646"]
[PlyCount "96"]
[EventDate "2014.06.06"]
[EventType "swiss"]
[EventRounds "7"]
[EventCountry "NED"]
[Source "P.Boonen"]
[SourceDate "2014.10.10"]

1. e4 d5 2. exd5 Qxd5 3. Nc3 Qa5 4. d3 Nc6 5. Bd2 e5 6. Ne4 Qb6 7. Bc3 f5 8.
Nd2 Nf6 9. Nc4 Qc5 10. Be2 Be6 11. Nf3 Ng4 12. Rf1 O-O-O 13. h3 Nxf2 14. Rxf2
Bxc4 15. Nd2 Be6 16. g4 fxg4 17. Bxg4 Qe3+ 18. Qe2 Qxe2+ 19. Rxe2 Bxg4 20. hxg4
Nd4 21. Bxd4 exd4 22. O-O-O Bd6 23. Nf3 h6 24. Kb1 c5 25. Re6 Bc7 26. Rde1 Bg3
27. R1e4 Rhf8 28. Ne1 Rf1 29. a3 Rg1 30. Ka2 Bxe1 31. Rxe1 Rxg4 32. R1e5 b6 33.
Re7 Rd7 34. Re8+ Kc7 35. Kb3 Rg2 36. a4 Rf2 37. Ra8 Kd6 38. Rae8 Rf6 39. Kc4
Kc6 40. Rc8+ Kb7 41. Ree8 Ka6 42. Ra8 g5 43. b4 cxb4 44. Kxb4 Rc7 45. Rac8 Rxc8
46. Rxc8 h5 47. Rd8 h4 48. Rxd4 Rf4 0-1

[Event "BPB Limburg open C"]
[Site "Maastricht"]
[Date "2014.06.07"]
[Round "2"]
[White "Van der Hoeven, Carsten"]
[Black "Weidema, Luuk"]
[Result "1-0"]
[WhiteElo "1366"]
[BlackElo "1189"]
[PlyCount "83"]
[EventDate "2014.06.06"]
[EventType "swiss"]
[EventRounds "7"]
[EventCountry "NED"]
[Source "P.Boonen"]
[SourceDate "2014.10.10"]

1. e4 e5 2. Nf3 Nc6 3. Bc4 Nf6 4. d3 h6 5. Be3 a6 6. Nbd2 d5 7. exd5 Nxd5 8.
Qe2 Bg4 9. O-O-O b5 10. Bb3 Be7 11. h3 Bh5 12. g4 Bg6 13. h4 Qd6 14. h5 Bh7 15.
Ne4 Qd8 16. g5 hxg5 17. Bxg5 Bxg5+ 18. Nexg5 Nd4 19. Qxe5+ Ne7 20. Bxf7+ Kf8
21. Nxd4 Bf5 22. Nde6+ Bxe6 23. Nxe6+ Kxf7 24. Nxd8+ Raxd8 25. f4 c6 26. f5
Rde8 27. Qe6+ Kf8 28. f6 Nd5 29. fxg7+ Kxg7 30. Qg6+ Kf8 31. Rhf1+ Ke7 32.
Rde1+ Kd7 33. Rf7+ Kd8 34. Qg5+ Kc8 35. Rxe8+ Rxe8 36. c4 bxc4 37. dxc4 Ne3 38.
Qf4 Nd5 39. cxd5 Re1+ 40. Kd2 Rd1+ 41. Kxd1 cxd5 42. Qc7# 1-0

[Event "BPB Limburg open C"]
[Site "Maastricht"]
[Date "2014.06.07"]
[Round "2"]
[White "Vande Ginste, Michiel"]
[Black "Oosterlinck, Freddy"]
[Result "1-0"]
[WhiteElo "1503"]
[BlackElo "1000"]
[PlyCount "123"]
[EventDate "2014.06.06"]
[EventType "swiss"]
[EventRounds "7"]
[EventCountry "NED"]
[Source "P.Boonen"]
[SourceDate "2014.10.10"]

1. Nf3 d6 2. d3 Nf6 3. b3 Nc6 4. Bb2 e5 5. Nbd2 Be7 6. g3 Bd7 7. Bg2 Qc8 8. h3
O-O 9. c3 Re8 10. Qc2 d5 11. c4 d4 12. a3 a5 13. Kf1 Bc5 14. Kg1 h6 15. Kh2 Re6
16. Rhe1 Nh7 17. Ne4 Be7 18. e3 dxe3 19. fxe3 Ng5 20. Nfxg5 hxg5 21. d4 exd4
22. exd4 Rh6 23. Nf2 g4 24. h4 Bd6 25. c5 Rxh4+ 26. Kg1 Bxg3 27. d5 Bh2+ 28.
Kf1 Nb8 29. Qc3 Bb5+ 30. Nd3 Qf5+ 31. Ke2 Bxd3+ 32. Qxd3 Qxd3+ 33. Kxd3 Nd7 34.
Bd4 Kf8 35. c6 bxc6 36. dxc6 Nf6 37. Bc5+ Bd6 38. Bxd6+ cxd6 39. c7 Rc8 40.
Rac1 Ne8 41. Rxe8+ Rxe8 42. c8=Q Rxc8 43. Rxc8+ Ke7 44. Rc7+ Ke6 45. Ra7 Rh2
46. Bc6 g3 47. Bd7+ Kf6 48. Bc6 g2 49. Bxg2 Rxg2 50. Rxa5 Rg3+ 51. Kc4 Ke6 52.
b4 Rh3 53. b5 Rh8 54. b6 Kd7 55. Rg5 g6 56. a4 Rc8+ 57. Kb5 Rb8 58. a5 Kc8 59.
Kc6 Ra8 60. b7+ Kb8 61. bxa8=Q+ Kxa8 62. Kxd6 1-0

[Event "BPB Limburg open C"]
[Site "Maastricht"]
[Date "2014.06.07"]
[Round "2"]
[White "Visse, Bernard"]
[Black "Biot, Thomas"]
[Result "1-0"]
[WhiteElo "1670"]
[BlackElo "1570"]
[PlyCount "63"]
[EventDate "2014.06.06"]
[EventType "swiss"]
[EventRounds "7"]
[EventCountry "NED"]
[Source "P.Boonen"]
[SourceDate "2014.10.10"]

1. d4 Nf6 2. Bf4 c5 3. c3 e6 4. Nf3 d5 5. e3 Nc6 6. Nbd2 a6 7. Bd3 Be7 8. h3 h6
9. Ne5 Nxe5 10. Bxe5 Bd6 11. Nf3 b5 12. dxc5 Bxe5 13. Nxe5 Qc7 14. Ng4 Nd7 15.
b4 h5 16. Nh2 Bb7 17. Nf3 e5 18. Bc2 Nf6 19. a4 Ne4 20. Bxe4 dxe4 21. Nd2 g6
22. Qc2 f5 23. axb5 axb5 24. Rxa8+ Bxa8 25. Qa2 Ke7 26. O-O Bc6 27. Qb2 Rd8 28.
Ra1 Qd7 29. Nb3 f4 30. Na5 Bd5 31. Rd1 Qe6 32. Nb7 1-0

[Event "BPB Limburg open C"]
[Site "Maastricht"]
[Date "2014.06.07"]
[Round "2"]
[White "Welling, Ella"]
[Black "Heijenrath, Jan"]
[Result "0-1"]
[WhiteElo "1000"]
[BlackElo "1740"]
[PlyCount "48"]
[EventDate "2014.06.06"]
[EventType "swiss"]
[EventRounds "7"]
[EventCountry "NED"]
[Source "P.Boonen"]
[SourceDate "2014.10.10"]

1. g3 g6 2. Bg2 Bg7 3. d3 d5 4. Nf3 c5 5. O-O Nc6 6. Nc3 Nf6 7. Re1 O-O 8. b3
Re8 9. Rb1 Bg4 10. a4 Qd7 11. Bh1 Rad8 12. e4 dxe4 13. dxe4 Qxd1 14. Nxd1 Nxe4
15. Ne3 Bc8 16. c4 Nb4 17. Bb2 Bxb2 18. Rxb2 Nd3 19. Ree2 Nxb2 20. Rxb2 h6 21.
Bg2 Kg7 22. Ne1 Rd2 23. Rxd2 Nxd2 24. Nd3 Nxb3 0-1

[Event "BPB Limburg open C"]
[Site "Maastricht"]
[Date "2014.06.07"]
[Round "2"]
[White "Welling, Sophie"]
[Black "Boudry, William"]
[Result "1-0"]
[WhiteElo "1633"]
[BlackElo "1610"]
[PlyCount "71"]
[EventDate "2014.06.06"]
[EventType "swiss"]
[EventRounds "7"]
[EventCountry "NED"]
[Source "P.Boonen"]
[SourceDate "2014.10.10"]

1. d4 Nf6 2. c4 g6 3. Nc3 Bg7 4. e3 O-O 5. Nf3 d6 6. Be2 Nc6 7. O-O e5 8. dxe5
dxe5 9. a3 Be6 10. Qb3 b6 11. Rd1 Qb8 12. Nd5 Nd7 13. Ng5 Nc5 14. Qc2 Bf5 15.
e4 Bd7 16. b4 Ne6 17. Nxe6 Bxe6 18. Bb2 f5 19. b5 Nd4 20. Bxd4 exd4 21. Ne7+
Kh8 22. Nc6 Qe8 23. Nxd4 Qf7 24. Nxe6 Qxe6 25. exf5 Rxf5 26. Bg4 Bxa1 27. Bxf5
gxf5 28. Rxa1 Qe5 29. Rd1 Re8 30. h3 Kg8 31. Rd5 Qa1+ 32. Kh2 Re1 33. Qxf5 Rh1+
34. Kg3 Qxa3+ 35. Rd3 Qe7 36. Qc8+ 1-0

[Event "BPB Limburg open C"]
[Site "Maastricht"]
[Date "2014.06.07"]
[Round "2"]
[White "Widlak, Marc"]
[Black "Brunner, Karg"]
[Result "0-1"]
[WhiteElo "1391"]
[BlackElo "1683"]
[PlyCount "60"]
[EventDate "2014.06.06"]
[EventType "swiss"]
[EventRounds "7"]
[EventCountry "NED"]
[Source "P.Boonen"]
[SourceDate "2014.10.10"]

1. d4 f5 2. c4 e6 3. Nf3 Nf6 4. Nc3 c6 5. a3 d5 6. c5 g6 7. Bf4 b6 8. b4 Be7 9.
Ne5 Nfd7 10. Bh6 Nxe5 11. dxe5 Bg5 12. Bxg5 Qxg5 13. Qd4 Nd7 14. f4 bxc5 15.
bxc5 Qe7 16. Na4 Ba6 17. g3 Rb8 18. e3 Bxf1 19. Kxf1 Rb5 20. Rc1 Rb3 21. Rc3
Rb5 22. Kf2 O-O 23. Rhc1 Rfb8 24. R1c2 Qd8 25. Qd2 Qa5 26. Qd4 Qa6 27. Rd3 Ra5
28. Nb2 Nxc5 29. Rxc5 Rxc5 30. Qxc5 Rxb2+ 0-1

[Event "BPB Limburg open C"]
[Site "Maastricht"]
[Date "2014.06.07"]
[Round "2"]
[White "Zhang, Martin"]
[Black "Dubbeldam, Lydia"]
[Result "1/2-1/2"]
[WhiteElo "1546"]
[BlackElo "1641"]
[PlyCount "51"]
[EventDate "2014.06.06"]
[EventType "swiss"]
[EventRounds "7"]
[EventCountry "NED"]
[Source "P.Boonen"]
[SourceDate "2014.10.10"]

1. e4 e6 2. d4 d5 3. exd5 exd5 4. c3 Nf6 5. Bd3 c5 6. Ne2 Nc6 7. Be3 c4 8. Bc2
b5 9. Nd2 Be7 10. Nf4 O-O 11. Nh5 Ng4 12. O-O f5 13. Qe2 g6 14. h3 Nxe3 15.
fxe3 gxh5 16. Qxh5 Qd6 17. Bxf5 Bxf5 18. Rxf5 Rxf5 19. Qxf5 Rf8 20. Qg4+ Kh8
21. e4 dxe4 22. Nxe4 Qf4 23. Qe6 Qc7 24. Qh6 Qc8 25. d5 Nd8 26. d6 1/2-1/2

[Event "BPB Limburg open C"]
[Site "Maastricht"]
[Date "2014.06.07"]
[Round "3"]
[White "Baeten, Wim"]
[Black "Allaart, Jesse"]
[Result "0-1"]
[WhiteElo "1000"]
[BlackElo "1101"]
[PlyCount "136"]
[EventDate "2014.06.06"]
[EventType "swiss"]
[EventRounds "7"]
[EventCountry "NED"]
[Source "P.Boonen"]
[SourceDate "2014.10.10"]

1. d4 d5 2. c4 c6 3. Nc3 Nf6 4. Nf3 Bf5 5. Bf4 e6 6. c5 b6 7. b4 a5 8. Qa4 Qd7
9. Ne5 Qb7 10. b5 bxc5 11. bxc6 Qb2 12. c7+ Nbd7 13. Rc1 cxd4 14. Nb1 Bb4+ 15.
Kd1 O-O 16. Nd3 Bxd3 17. exd3 Qxf2 18. Bg3 Qb2 19. Qc2 Qxc2+ 20. Rxc2 Ng4 21.
Ke2 Ne3 22. Rc1 Nf5 23. Bf2 Ne5 24. Rc2 Bd6 25. h3 Rac8 26. g4 Nh6 27. Bxd4
Rxc7 28. Rxc7 Bxc7 29. Bc5 Rb8 30. Nd2 f5 31. g5 Nhf7 32. h4 h6 33. gxh6 Nxh6
34. Rg1 Nd7 35. Bd4 e5 36. Ba1 Bb6 37. Rg6 Bd4 38. Bxd4 exd4 39. Bg2 Nf6 40.
Bf3 Rb2 41. Rxf6 gxf6 42. Bxd5+ Kg7 43. Kd1 Ng4 44. Kc1 Rb5 45. Bc4 Rc5 46. Nb3
Re5 47. Nxd4 Ne3 48. Bb3 Ng2 49. Ne6+ Kh6 50. d4 Re4 51. Bd5 Re2 52. h5 Rf2 53.
Kd1 Ne3+ 54. Ke1 Rh2 55. Bb3 Rxh5 56. Kd2 Ng4 57. d5 Ne5 58. d6 Rh3 59. Bc2
Nc4+ 60. Ke2 Nxd6 61. Nf4 Ra3 62. Bb3 a4 63. Be6 Nb5 64. Kd2 Nd4 65. Bc4 Kg5
66. Nd3 Nf3+ 67. Kc2 Ne5 68. Nxe5 fxe5 0-1

[Event "BPB Limburg open C"]
[Site "Maastricht"]
[Date "2014.06.07"]
[Round "3"]
[White "Beusen, Frank"]
[Black "Mestrom, Sterre"]
[Result "1-0"]
[WhiteElo "1433"]
[BlackElo "1201"]
[PlyCount "121"]
[EventDate "2014.06.06"]
[EventType "swiss"]
[EventRounds "7"]
[EventCountry "NED"]
[Source "P.Boonen"]
[SourceDate "2014.10.10"]

1. d4 d5 2. c4 c6 3. Nf3 g6 4. cxd5 cxd5 5. e3 Bg7 6. Nc3 Nf6 7. Bd3 O-O 8. O-O
Nc6 9. a3 a5 10. Re1 e6 11. Rb1 Bd7 12. b4 b6 13. b5 Ne7 14. a4 Rc8 15. Bb2 Qc7
16. Rc1 Qb8 17. Ne5 h5 18. Ba3 Rfe8 19. h3 Rc7 20. Bd6 Rec8 21. Bxc7 Rxc7 22.
f4 Qc8 23. Qd2 Bh6 24. Ne2 Nf5 25. Bxf5 exf5 26. Rxc7 Qxc7 27. Rc1 Qb7 28. Qc2
Be6 29. Qc7 Qxc7 30. Rxc7 Bf8 31. Rc6 Nd7 32. Nxd7 Bxd7 33. Rxb6 Bb4 34. Rb7
Be6 35. Rb8+ Kg7 36. b6 Bd7 37. b7 Bc6 38. Rg8+ Kxg8 39. b8=Q+ Kg7 40. Qd8 Bxa4
41. Qxd5 Be8 42. Qc4 Kf8 43. Nc3 Bxc3 44. Qxc3 a4 45. Qb4+ Kg7 46. d5 Bd7 47.
Qb7 Be8 48. Qa7 Bb5 49. d6 Be8 50. d7 Bxd7 51. Qxd7 a3 52. Qa7 a2 53. Qxa2 Kg8
54. Kf2 Kg7 55. Kg3 Kg8 56. Kh4 Kg7 57. Qa7 Kf6 58. Qb6+ Kg7 59. Kg5 Kf8 60.
Kf6 h4 61. Qd8# 1-0

[Event "BPB Limburg open C"]
[Site "Maastricht"]
[Date "2014.06.07"]
[Round "3"]
[White "Biot, Thomas"]
[Black "Van Dael, Siem"]
[Result "0-1"]
[WhiteElo "1570"]
[BlackElo "1587"]
[PlyCount "80"]
[EventDate "2014.06.06"]
[EventType "swiss"]
[EventRounds "7"]
[EventCountry "NED"]
[Source "P.Boonen"]
[SourceDate "2014.10.10"]

1. Nf3 d5 2. c4 Nf6 3. e3 Bf5 4. Nc3 e6 5. Qb3 b6 6. g3 c5 7. Bg2 Nc6 8. O-O
Bd3 9. Qa4 Qd7 10. cxd5 exd5 11. Re1 Be7 12. Bh3 Qc7 13. Ne5 b5 14. Nxb5 Qxe5
15. Nxa7 Rxa7 16. Qxc6+ Kf8 17. Qc8+ Ne8 18. f4 Qc7 19. Qxc7 Rxc7 20. Bg2 Nf6
21. b3 Be4 22. Bf1 Nd7 23. Bb2 Bf6 24. Bxf6 Nxf6 25. Rec1 Ke7 26. d3 Bf5 27. b4
Rhc8 28. b5 Rb8 29. a4 c4 30. dxc4 dxc4 31. Rxc4 Rxc4 32. Bxc4 Ng4 33. h3 Nf6
34. g4 Be4 35. a5 Nd5 36. Kf2 Kd6 37. Rd1 Kc5 38. Rd4 Re8 39. Bf1 Nxe3 40. Rd7
Nxf1 0-1

[Event "BPB Limburg open C"]
[Site "Maastricht"]
[Date "2014.06.07"]
[Round "3"]
[White "Boudry, William"]
[Black "Schulte, Philipp"]
[Result "1-0"]
[WhiteElo "1610"]
[BlackElo "1417"]
[PlyCount "127"]
[EventDate "2014.06.06"]
[EventType "swiss"]
[EventRounds "7"]
[EventCountry "NED"]
[Source "P.Boonen"]
[SourceDate "2014.10.10"]

1. c4 e6 2. g3 Nf6 3. Bg2 c6 4. Nf3 d5 5. d4 Be7 6. O-O O-O 7. Nbd2 b6 8. b3
Bb7 9. Bb2 Nbd7 10. e3 Re8 11. Qe2 Qc7 12. Rac1 Ba6 13. Rfd1 c5 14. Qe1 Qd6 15.
dxc5 Nxc5 16. Nb1 Rad8 17. Be5 Qd7 18. cxd5 Nd3 19. dxe6 Qxe6 20. Rxd3 Bxd3 21.
Bd4 Nd7 22. Bxg7 Bxb1 23. Nd4 Qg6 24. Nc6 Qxg7 25. Nxd8 Rxd8 26. Rxb1 Nc5 27.
Rd1 Rxd1 28. Qxd1 Qb2 29. Qg4+ Qg7 30. Qc8+ Bf8 31. Bd5 Qa1+ 32. Kg2 Qd1 33.
Qf5 Ne6 34. Bxe6 fxe6 35. Qxe6+ Kg7 36. Qc4 Qd7 37. e4 Be7 38. Qe2 Bc5 39. f4
Qd4 40. Kh3 Kf8 41. e5 Qd7+ 42. Qg4 Qxg4+ 43. Kxg4 Bg1 44. h3 Bf2 45. Kf3 Bc5
46. Ke4 Bf2 47. g4 Kf7 48. f5 Bh4 49. Kd5 Be7 50. Kc6 Bc5 51. Kb5 a5 52. Kc6
Ke7 53. Kd5 Kd7 54. Ke4 h6 55. h4 Bf2 56. g5 hxg5 57. hxg5 Bc5 58. g6 Bf8 59.
f6 Ke6 60. g7 Bxg7 61. fxg7 Kf7 62. Kf5 Kxg7 63. Ke6 Kf8 64. Kd7 1-0

[Event "BPB Limburg open C"]
[Site "Maastricht"]
[Date "2014.06.07"]
[Round "3"]
[White "Bratuszewski, Jorden"]
[Black "Callebaut, Giovanni"]
[Result "1-0"]
[WhiteElo "1672"]
[BlackElo "1598"]
[PlyCount "57"]
[EventDate "2014.06.06"]
[EventType "swiss"]
[EventRounds "7"]
[EventCountry "NED"]
[Source "P.Boonen"]
[SourceDate "2014.10.10"]

1. c4 e5 2. Nc3 Nf6 3. g3 Bc5 4. Bg2 Nc6 5. a3 a5 6. e3 O-O 7. Nge2 d6 8. O-O
Be6 9. d4 Ba7 10. d5 Bg4 11. dxc6 Bxe2 12. Qxe2 bxc6 13. Bxc6 Rb8 14. Rd1 Rb6
15. Bg2 Re8 16. b4 c5 17. bxc5 Rb3 18. Qc2 Qb8 19. cxd6 Rd8 20. Nb5 a4 21. Nxa7
Qxa7 22. c5 Rbb8 23. c6 Rbc8 24. c7 Rd7 25. Rb1 e4 26. Bh3 Rxd6 27. Rxd6 Ne8
28. Rd8 Rxd8 29. cxd8=Q 1-0

[Event "BPB Limburg open C"]
[Site "Maastricht"]
[Date "2014.06.07"]
[Round "3"]
[White "Brunner, Karg"]
[Black "Welling, Sophie"]
[Result "1-0"]
[WhiteElo "1683"]
[BlackElo "1633"]
[PlyCount "123"]
[EventDate "2014.06.06"]
[EventType "swiss"]
[EventRounds "7"]
[EventCountry "NED"]
[Source "P.Boonen"]
[SourceDate "2014.10.10"]

1. d4 Nf6 2. c4 g6 3. g3 Bg7 4. Nc3 d6 5. Bg2 O-O 6. e3 Nbd7 7. Nge2 a6 8. b3
Rb8 9. O-O b6 10. Ba3 Bb7 11. f3 Re8 12. Qd3 e5 13. d5 Nc5 14. Bxc5 bxc5 15. e4
Bc8 16. Rae1 Bd7 17. Kh1 Qc8 18. Ng1 Nh5 19. Rf2 Bh6 20. Qf1 Bg7 21. Bh3 Rf8
22. Bxd7 Qxd7 23. Nh3 Bf6 24. Re3 Rbe8 25. Ne2 Bd8 26. Nhg1 Ng7 27. f4 f5 28.
exf5 Nxf5 29. Re4 exf4 30. Rxe8 Qxe8 31. Nxf4 Qe4+ 32. Qg2 Qxg2+ 33. Rxg2 Nd4
34. Nge2 g5 35. Nxd4 cxd4 36. Ne6 Rf1+ 37. Rg1 Rxg1+ 38. Kxg1 Bf6 39. g4 d3 40.
Kf2 d2 41. Ke2 Bc3 42. Nxg5 h6 43. Ne4 Bb4 44. Nxd2 Kf7 45. Ne4 Kg6 46. Kf3 Ba3
47. Ng3 Bc5 48. Nf5 h5 49. h3 hxg4+ 50. hxg4 Kg5 51. Ng7 Bb6 52. Ne6+ Kg6 53.
Ke4 Kf6 54. g5+ Kg6 55. Kf4 Ba5 56. Kg4 Bb6 57. Nf4+ Kg7 58. Kf5 Kf7 59. g6+
Kg7 60. Ne6+ Kg8 61. Kf6 Ba5 62. Ke7 1-0

[Event "BPB Limburg open C"]
[Site "Maastricht"]
[Date "2014.06.07"]
[Round "3"]
[White "Conte, Roberto"]
[Black "Vandevelde, Luc"]
[Result "0-1"]
[WhiteElo "1689"]
[BlackElo "1534"]
[PlyCount "84"]
[EventDate "2014.06.06"]
[EventType "swiss"]
[EventRounds "7"]
[EventCountry "NED"]
[Source "P.Boonen"]
[SourceDate "2014.10.10"]

1. e4 d6 2. f4 c5 3. Nf3 g6 4. Bc4 e6 5. Nc3 Nc6 6. a3 Nf6 7. O-O Nxe4 8. Nxe4
d5 9. Bxd5 exd5 10. Nf2 Be7 11. Qe1 O-O 12. Nd3 Bg4 13. Nde5 Bf5 14. Nxc6 bxc6
15. d3 Re8 16. Qf2 Qc7 17. Be3 Rab8 18. Rab1 d4 19. Bd2 a5 20. Nh4 Bxh4 21.
Qxh4 Re2 22. Rfd1 Rbe8 23. g4 Rxd2 24. Rxd2 Qxf4 25. Rg2 Qe3+ 26. Kh1 Bd7 27.
Rf1 f5 28. gxf5 Bxf5 29. Rxf5 Qe1+ 30. Qxe1 Rxe1+ 31. Rg1 Rxg1+ 32. Kxg1 gxf5
33. Kg2 Kg7 34. Kf3 Kf6 35. Kf4 h6 36. h3 Ke6 37. h4 Kf6 38. c3 a4 39. Kf3 Ke5
40. c4 h5 41. Kg3 f4+ 42. Kf3 Kf5 0-1

[Event "BPB Limburg open C"]
[Site "Maastricht"]
[Date "2014.06.07"]
[Round "3"]
[White "Dardha, Daniel"]
[Black "Callebaut, Katia"]
[Result "1-0"]
[WhiteElo "1617"]
[BlackElo "1236"]
[PlyCount "79"]
[EventDate "2014.06.06"]
[EventType "swiss"]
[EventRounds "7"]
[EventCountry "NED"]
[Source "P.Boonen"]
[SourceDate "2014.10.10"]

1. e4 e5 2. Nf3 Nc6 3. Bc4 d6 4. Nc3 Be6 5. Bb3 Be7 6. d3 a6 7. Be3 h6 8. Qd2
Bf6 9. O-O-O Qd7 10. d4 Bxb3 11. axb3 Nge7 12. dxe5 Bxe5 13. Nxe5 Nxe5 14. Bd4
Qg4 15. f3 Qe6 16. f4 O-O-O 17. Qe2 Qg4 18. fxe5 Qxe2 19. Nxe2 dxe5 20. Bxe5 f6
21. Bg3 Nc6 22. Rxd8+ Rxd8 23. Rd1 Re8 24. Nc3 g5 25. Kd2 b6 26. Rf1 h5 27.
Rxf6 h4 28. Bxh4 gxh4 29. Rxc6 Kd7 30. Rh6 Rg8 31. Rxh4 Rxg2+ 32. Ne2 Rg6 33.
Ke3 Rc6 34. Rh7+ Kd6 35. Rh6+ Kc5 36. b4+ Kb5 37. Nd4+ Kxb4 38. Rxc6 a5 39. c3+
Ka4 40. Rc4# 1-0

[Event "BPB Limburg open C"]
[Site "Maastricht"]
[Date "2014.06.07"]
[Round "3"]
[White "De Bruin, Joost"]
[Black "Mollema, Henk"]
[Result "1-0"]
[WhiteElo "1724"]
[BlackElo "1568"]
[PlyCount "71"]
[EventDate "2014.06.06"]
[EventType "swiss"]
[EventRounds "7"]
[EventCountry "NED"]
[Source "P.Boonen"]
[SourceDate "2014.10.10"]

1. d4 f5 2. g3 g6 3. Bg2 Nf6 4. c4 Bg7 5. Nc3 O-O 6. Nf3 d6 7. O-O Qe8 8. Re1
e5 9. e4 f4 10. gxf4 exf4 11. e5 dxe5 12. Nxe5 c6 13. Nxc6 Qf7 14. Ne5 Qc7 15.
Bxf4 Qa5 16. Qd2 Nbd7 17. Bh6 Nxe5 18. Rxe5 Bxh6 19. Qxh6 Qd8 20. Bd5+ Kh8 21.
Rae1 Ng4 22. Qxf8+ Qxf8 23. Re8 Bd7 24. Rxf8+ Rxf8 25. f3 Nf6 26. Kg2 Nh5 27.
Re7 Nf4+ 28. Kg3 Nh5+ 29. Kf2 Bh3 30. Rxb7 g5 31. Rxa7 g4 32. Ra8 Rxa8 33. Bxa8
gxf3 34. Bxf3 Nf6 35. Nd5 Nd7 36. b4 1-0

[Event "BPB Limburg open C"]
[Site "Maastricht"]
[Date "2014.06.07"]
[Round "3"]
[White "De Coninck, Erik"]
[Black "De Geest, Jan"]
[Result "0-1"]
[WhiteElo "1628"]
[BlackElo "1661"]
[PlyCount "106"]
[EventDate "2014.06.06"]
[EventType "swiss"]
[EventRounds "7"]
[EventCountry "NED"]
[Source "P.Boonen"]
[SourceDate "2014.10.10"]

1. Nf3 Nf6 2. d4 e6 3. Bf4 d5 4. e3 c5 5. c3 Be7 6. Nbd2 Nc6 7. Bd3 Bd7 8. a3
Rc8 9. O-O h6 10. Rc1 c4 11. Be2 O-O 12. Qc2 b5 13. e4 Ne8 14. Ne5 Nxe5 15.
Bxe5 Bd6 16. f4 Bc6 17. exd5 Bxd5 18. Ne4 f6 19. Nxd6 Nxd6 20. Bxd6 Qxd6 21.
Rce1 f5 22. Bf3 g6 23. Qe2 Rce8 24. Qe5 Qc6 25. Re3 Kf7 26. Rfe1 a6 27. Kf2
Bxf3 28. Rxf3 Re7 29. Rh3 h5 30. Rhe3 Rfe8 31. R3e2 Qd5 32. Qxd5 exd5 33. Rxe7+
Rxe7 34. Rxe7+ Kxe7 35. Kg3 Kf6 36. Kh4 Kg7 37. Kg5 Kf7 38. h3 Kg7 39. g3 Kf7
40. g4 hxg4 41. hxg4 fxg4 42. Kxg4 Kf6 43. Kg3 Kf5 44. Kf3 g5 45. fxg5 Kxg5 46.
Kg3 Kf5 47. Kf3 a5 48. Ke3 Kg4 49. Kd2 Kf3 50. Kc2 Ke3 51. b3 cxb3+ 52. Kxb3
Kd3 53. Kb2 a4 0-1

[Event "BPB Limburg open C"]
[Site "Maastricht"]
[Date "2014.06.07"]
[Round "3"]
[White "De Mon, Gino"]
[Black "Loutragotis, Dimitri"]
[Result "1/2-1/2"]
[WhiteElo "1744"]
[BlackElo "1340"]
[PlyCount "61"]
[EventDate "2014.06.06"]
[EventType "swiss"]
[EventRounds "7"]
[EventCountry "NED"]
[Source "P.Boonen"]
[SourceDate "2014.10.10"]

1. e4 c5 2. Nf3 d6 3. d4 cxd4 4. Nxd4 Nf6 5. Nc3 a6 6. Be3 e6 7. f4 Nbd7 8. Qf3
Qc7 9. g4 b5 10. Bd3 b4 11. Nce2 d5 12. O-O-O dxe4 13. Bxe4 Nxe4 14. Qxe4 Bb7
15. Nxe6 fxe6 16. Qxe6+ Be7 17. Rhe1 O-O-O 18. Qxe7 Rhe8 19. Qxg7 Rxe3 20. Qd4
Rde8 21. Qd2 b3 22. axb3 Nc5 23. Kb1 Qe7 24. b4 Na4 25. Ka2 Qe6+ 26. c4 Qxc4+
27. Ka1 Nc5 28. Nc1 Rxe1 29. Rxe1 Rxe1 30. Qxe1 Ne4 31. g5 1/2-1/2

[Event "BPB Limburg open C"]
[Site "Maastricht"]
[Date "2014.06.07"]
[Round "3"]
[White "De Ridder, Yulian"]
[Black "Roemhild, Wolfgang"]
[Result "0-1"]
[WhiteElo "1348"]
[BlackElo "1743"]
[PlyCount "36"]
[EventDate "2014.06.06"]
[EventType "swiss"]
[EventRounds "7"]
[EventCountry "NED"]
[Source "P.Boonen"]
[SourceDate "2014.10.10"]

1. e4 e5 2. Nf3 Nc6 3. Bc4 Nf6 4. Ng5 d5 5. exd5 Nd4 6. c3 Nf5 7. d4 e4 8. Bf4
Bd6 9. Be5 O-O 10. Bxf6 Qxf6 11. Nxe4 Qg6 12. g3 Ne3 13. Qd3 Nxc4 14. b4 Bf5
15. f3 Nb2 16. Qc2 Bxe4 17. fxe4 Bxg3+ 18. hxg3 Qxg3+ 0-1

[Event "BPB Limburg open C"]
[Site "Maastricht"]
[Date "2014.06.07"]
[Round "3"]
[White "Decruyenaere, Robbert"]
[Black "Katranova, Alicia"]
[Result "0-1"]
[WhiteElo "1526"]
[BlackElo "1289"]
[PlyCount "90"]
[EventDate "2014.06.06"]
[EventType "swiss"]
[EventRounds "7"]
[EventCountry "NED"]
[Source "P.Boonen"]
[SourceDate "2014.10.10"]

1. d4 d5 2. Nf3 e6 3. c4 Nf6 4. Nc3 a6 5. Bg5 Nbd7 6. e3 Be7 7. Be2 O-O 8. O-O
dxc4 9. Bxc4 b5 10. Be2 Bb7 11. Qc2 c5 12. Rfd1 Qc7 13. Rac1 c4 14. a4 Bd6 15.
h3 Bxf3 16. Bxf3 Rab8 17. axb5 axb5 18. Ra1 Rfc8 19. Ra2 b4 20. b3 bxc3 21.
bxc4 Qxc4 22. Be2 Qb3 23. Bf1 Qxc2 24. Rxc2 h6 25. Bxf6 Nxf6 26. g3 Rb2 27.
Rdc1 Rxc2 28. Rxc2 Nd5 29. h4 Nb4 30. Rc1 c2 31. d5 exd5 32. e4 dxe4 33. f3
exf3 34. g4 Na2 35. g5 Nxc1 36. g6 Ne2+ 37. Kf2 c1=Q 38. gxf7+ Kxf7 39. h5 Bg3+
40. Kxf3 Qxf1+ 41. Ke3 Re8+ 42. Kd2 Nf4 43. Kc2 Re3 44. Kb2 Qf2+ 45. Ka1 Re1#
0-1

[Event "BPB Limburg open C"]
[Site "Maastricht"]
[Date "2014.06.07"]
[Round "3"]
[White "Disters, Ingrid"]
[Black "Koppens, Gertie"]
[Result "0-1"]
[WhiteElo "1223"]
[BlackElo "1265"]
[PlyCount "66"]
[EventDate "2014.06.06"]
[EventType "swiss"]
[EventRounds "7"]
[EventCountry "NED"]
[Source "P.Boonen"]
[SourceDate "2014.10.10"]

1. e4 e5 2. Nf3 Nc6 3. d3 Bc5 4. g3 d6 5. Bg2 Be6 6. O-O Nge7 7. Nbd2 Qd7 8. h4
Bg4 9. c3 h6 10. Qc2 f6 11. Re1 g5 12. Nf1 Bxf3 13. Bxf3 gxh4 14. Bh5+ Kd8 15.
Qe2 f5 16. exf5 Nxf5 17. Bg4 hxg3 18. Nxg3 Nxg3 19. Bxd7 Nxe2+ 20. Rxe2 Kxd7
21. Kf1 Raf8 22. Ke1 h5 23. Be3 Bxe3 24. fxe3 Rhg8 25. Kd2 h4 26. Rh1 Rh8 27.
Reh2 Ne7 28. Rxh4 Rxh4 29. Rxh4 Rf2+ 30. Kc1 Nf5 31. Rh7+ Kc6 32. Rf7 Rf1+ 33.
Kc2 Nxe3+ 0-1